Gaming Quiz

Random Gaming or Video Games Quiz

Moogle or Chocobo? Quiz Stats

 Plays Quiz Updated Feb 20, 2020

Support Sporcle.
Go Orange.
Score 0/18 Timer 03:00
1 Play Today
Which Final Fantasy species... (M)oogle or (C)hocobo % Correct
Commonly has a red pompom on its head???
89.7%
Can speak English???
83.2%
Is Stiltzkin; the well known traveller???
81.8%
Has a name which means mole-bat???
81.3%
Is a playable character in FF VI???
79.7%
Is a bird???
79.5%
Does Lulu use as a weapon in FF X???
78%
Likes to eat kupo nuts???
76.3%
Likes to eat Gysahl Greens???
73.8%
Which Final Fantasy species... (M)oogle or (C)hocobo % Correct
Are sometimes green or blue???
70.5%
Makes no appearance in FF IV???
66.9%
Does Cait Sith ride on in FF VII???
66.8%
Searches for buried treasure in FF IX???
65.2%
Can be of the Jennet breed in FF XI???
64.1%
First appeared in FF II???
61%
Does Sazh keep in his afro in FF XIII???
59.5%
Appears on a Sphere Break coin in FF X???
51.7%
Gives you the 'Contain' materia in FF VII???
48.7%

From the Vault

Missing Movie Word Marathon

by MSUKent

Movies 20m
If you love epic movies, then you're going to love our epic missing word movie marathon.
Remove Ads.
Support Sporcle.
Get the best of Sporcle when you Go Orange. This ad-free experience offers more features, more stats, and more fun while also helping to support Sporcle. Thank you for becoming a member.

Show Comments

Extras

Top Quizzes Today


Score Distribution

Your Account Isn't Verified!

In order to create a playlist on Sporcle, you need to verify the email address you used during registration. Go to your Sporcle Settings to finish the process.

Report this User

Report this user for behavior that violates our Community Guidelines.

Details: